000
00217nam a2200109Ia 4500
100
_a
#N/A
942
_c
BK
654
_a
pro/engineering
245
_a
Pro/Engineering Wildfire 4.0
260
_b
#N/A
546
_a
ENGLISH
999
_c
28823
_d
28823